000 00705nam a2200205 i 4500
001 46143
003 ES-MaACL
005 20250828084003.0
007 t|
008 030328s1948 sz ||||1| fre d
111 0 0 _aConférence Internationale de l'Instruction Publique (
_n11ª.
_d1948.
_cGinebra)
_9145
245 1 4 _aLes psychologues scolaires.
260 _aGenève, ect. :
_b[s.n.,
_c1948]
300 _a109 p. ;
_c24 cm.
490 1 _aPublications du Bureau International d'Education ;
_v102
710 2 0 _aOficina Internacional de Educación
_96022
830 0 _aPublications du Bureau International d'Education ;
_v102
_9181740
852 _aES-MaACL
_jC-5421
_bR.26093
999 _c46143
_d46143